Представление документа в формате RUSMARC

ПолеНазваниеЗначение
  Тип записи i
  Библиографический уровень m
001 Контрольный номер RU/IS/BASE/490370980
005 Дата корректировки 20201206204948.8
010 Индекс ISBN __
d Цена 379-69
100 Данные общей обработки __
a Данные общей обработки 19150715d2014||||||| 0rusy0189 ca
101 Язык документа 0_
a Язык текста rus
102 Страна публикации __
a Страна публикации ru|
105 Кодированные данные (монография) __
a Кодированные данные (монография) an|||||||||zy
127 Кодированные данные (звукозаписи-физические характеристики) __
a Продолжительность проигрывания 1 ч 30 мин
200 Заглавие и сведения об ответственности 1_
a Заглавие Пятнадцатилетний капитан
e Сведения, относящиеся к заглавию [аудиоспектакль по одноименному роману Ж. Верна : 12+]
f Первые сведения об ответственности Жюль Верн ; [в ролях В. Сперантова и др.] ; ИДДК
b Общее обозначение материала Звукозапись
210 Выходные данные __
a Место издания Москва
c Издательство Агентство
d Дата издания 2014
215 Физическое описание __
a Объем 1 электрон. опт. диск (Audio CD)
c Иллюстрации/тип воспроизводства mp3, stereo
d Формат 12х14 см
225 Серия __
a Серия Audiobook
230 Специфическая характеристика материала: электронные ресурсы __
a Обозначение и объем ресурса Электронные звуковые данные
323 Примечание о главных создателях, исполнителях, участниках __
a Примечание о главных создателях, исполнителях, участниках Сперантова, В. (читает)
323 Примечание о главных создателях, исполнителях, участниках __
a Примечание о главных создателях, исполнителях, участниках Пыжова, О. (читает)
330 Аннотация __
a Аннотация Французский географ и писатель Жюль Верн - не только один из основоположников научной фантастики, но и классик приключенческой литературы. Его роман "Пятнадцатилетний капитан" повествует о злоключениях юнги Дика Сэнда, волею судеб возглавившего экипаж китобойной шхуны "Пилигрим". Из-за предательства кока Негоро судно, направлявшееся в Америку, выброшено на берег Анголы. Отважные и благородные герои романа бесстрашно встречают опасности и преодолевают их. Аудиоверсия знаменитого произведения придется по нраву и детям, и взрослым.
333 Примечание о целевом назначении __
a Примечание о целевом назначении 12+. Для детей старше 12 лет
337 Примечание о системных требованиях (электронные ресурсы) __
a Примечание о системных требованиях (электронные ресурсы) Системные требования: ПК: MS Windows ; Pentium 100 ; ОЗУ 16 Мб ; монитор SVGA, 800х600 ; устройство воспроизведения DVD/CD-ROM ; звуковая карта ; колонки или наушники ; мышь
606 Тематические рубрики __
a Основная рубрика Художественная литература
606 Тематические рубрики __
a Основная рубрика Литература Европы (произведения)
y Географическая подрубрика Франция
610 Ключевые слова __
a Ключевые слова зарубежная литература
a Ключевые слова иностранная литература
a Ключевые слова приключения
a Ключевые слова приключенческие романы
a Ключевые слова романы
a Ключевые слова тема борьбы
a Ключевые слова тема мужества
a Ключевые слова тема отваги
a Ключевые слова тема приключений
a Ключевые слова тема путешествий
a Ключевые слова французская литература
686 Индексы других классификаций __
2 Код системы rubbks
a Классификационный индекс 84(4Фра)52-4я04
700 Автор _1
a Фамилия Верн
b Имя Ж.
f Даты 1828-1905
g Полное личное имя Жюль
4 Код отношения 070
711 Наименование организации. (Альтернативная ответственность) __
a Организация/ юрисдикция ИДДК
801 Источник записи _0
a Страна ru
b Организация Муниципальное бюджетное учреждение культуры "Централизованная библиотечная система" г. Сургут (Центральная городская библиотека им. А. С. Пушкина)
c Дата составления 20150715
g Правила каталогизации КиК/Коробейникова
801 Источник записи _1
a Страна ru
b Организация Муниципальное бюджетное учреждение культуры "Централизованная библиотечная система" г. Сургут (Центральная городская библиотека им. А. С. Пушкина)
c Дата составления 20150715
g Правила каталогизации КиК/Коробейникова
852 Данные о местонахождении __
j Шифр хранения 84(4Фра)52-4я04
i Авторский знак В 35
901 Тип документа __
t Тип документа 0
903 Характеристики (МАРС) __
a Дата передачи 20150716
969 Тип издания __
a Тип издания аудиокнига; издание для слепых
990 Данные о заказе (DOS) __
j Количество экземпляров (DOS) 1
t N записи в КСУ для И/У (DOS) 201507